00389nam a2200109 a 4500008004100000050001900041100002000060245006200080260009100142350000900233650003700242060516s2004 xx |||||||||||||| || u aTHESIS/STUDENT aMushani, Molley10aRiverside shopping centrecthesis supervised by B.C. Mabo abCopperbelt University, School of Built Environment, Department of Architecturec2004 a0.00 aARCHITECTURAL DESIGN--EVALUATION